| 000 | 00823nam a22002537a 4500 | ||
|---|---|---|---|
| 003 | 0 | ||
| 005 | 20250506180137.0 | ||
| 008 | 250506b xxu||||| |||| 00| 0 eng d | ||
| 020 | _a9786214271979 | ||
| 050 |
_aT 58.5 _b.Em47 2024 |
||
| 245 |
_aEmpowerment technologies _cAbante, Marmelo and four others |
||
| 260 |
_aManila _bUnlimited Books Library Services & Publishing Inc. _cc2024 |
||
| 300 |
_aviii, 298 pages ; _c26cm. |
||
| 504 | _aIncludes bibliographical references. | ||
| 650 | _aInformation technology. | ||
| 650 | _aDigital literacy. | ||
| 650 | _aInternet—Social aspects. | ||
| 650 | _aCommunication—Technological innovations. | ||
| 700 | _aAbante, Marmelo V. | ||
| 700 | _aVillegas, Renato A. | ||
| 700 | _aArguelles, Dean Pastor R. | ||
| 700 | _aNeones, Mark Raffy | ||
| 942 |
_2lcc _cBK |
||
| 999 |
_c367460 _d367460 |
||